Loading...
| Auditory Arts | 6 | 16.67 | 100% | 33% | 33% |
| Beliefs | 7 | 10.00 | 57% | 43% | 0% |
| Current Events | 4 | 12.50 | 100% | 0% | 25% |
| Fine Arts - Other Arts | 6 | 11.67 | 67% | 50% | 0% |
| Geography | 1 | 10.00 | 100% | 0% | 0% |
| History - American History | 4 | 12.50 | 75% | 25% | 25% |
| History - Ancient History | 3 | 10.00 | 67% | 33% | 0% |
| History - European History | 5 | 10.00 | 80% | 20% | 0% |
| History - Other History | 5 | 16.00 | 80% | 80% | 0% |
| History - World History | 6 | 13.33 | 83% | 17% | 33% |
| Literature - American Literature | 8 | 12.50 | 100% | 25% | 0% |
| Literature - British Literature | 5 | 12.00 | 80% | 20% | 20% |
| Literature - European Literature | 5 | 12.00 | 100% | 20% | 0% |
| Literature - World Literature | 8 | 11.25 | 88% | 13% | 13% |
| Other Academic | 3 | 10.00 | 100% | 0% | 0% |
| Philosophy | 5 | 6.00 | 40% | 20% | 0% |
| Science - Biology | 4 | 12.50 | 75% | 50% | 0% |
| Science - Chemistry | 4 | 15.00 | 75% | 25% | 50% |
| Science - Other Science | 4 | 10.00 | 100% | 0% | 0% |
| Science - Physics | 5 | 14.00 | 100% | 40% | 0% |
| Social Science | 9 | 15.56 | 89% | 56% | 11% |
| Visual Arts | 5 | 14.00 | 100% | 40% | 0% |